000
00214 a2200097 4500
001
18957
100
_a
Loney S L
245
_a
Elements of statics & Dynamics
260
_a
_b
Cambridge
_c
1927
090
_c
14045
_d
14045
942
_a
NUST-CAE
_c
M
_c
4498
999
_c
254030
_d
254030